000 00452nam a2200193Ia 4500
005 20250603144436.0
008 250603s9999 xx 000 0 und d
020 _a9780273716945
050 _aHF 5636 .A87/
100 _aAtrill, Peter.
245 0 _aAccounting and finance for non-specialists
250 _a6th ed.
260 _aEurope
260 _bFT Prentice Hall
260 _c2008
300 _a561 p
650 _aEurope
942 _cBK
999 _c38934
_d38934